| 000 | 00730nam a22002537a 4500 | ||
|---|---|---|---|
| 005 | 20140310182818.0 | ||
| 008 | 130302t xxu||||| |||| 00| 0 eng d | ||
| 020 | _a0781756626 | ||
| 050 |
_aRC 440 _b.Sh69 2002 |
||
| 100 | _aShives, Louise Rebraca | ||
| 245 |
_aBasic concepts of psychiatric-mental health nursing. _cShives, Louise Rebraca |
||
| 260 |
_aWilliams & Wilkins (New Delhi) : _b Wolters Kluwer/Lippincott, _c2002. |
||
| 300 |
_a vxiii,703p. : _bill. _c2002. |
||
| 521 | _aNUR | ||
| 562 | _e5 | ||
| 650 | _a1. Psycchiatric nursing. | ||
| 650 | _a2. Mental disorders--nursing. | ||
| 942 |
_2lcc _cBK _kFOR |
||
| 999 |
_c16335 _d16335 |
||